Children in African Literature. (Record no. 3310)

MARC details
000 -LEADER
fixed length control field 00363nam a22001217a 4500
005 - DATE AND TIME OF LATEST TRANSACTION
control field 20201124123831.0
008 - FIXED-LENGTH DATA ELEMENTS--GENERAL INFORMATION
fixed length control field 201124b ||||| |||| 00| 0 eng d
020 ## - INTERNATIONAL STANDARD BOOK NUMBER
International Standard Book Number 0852555210
040 ## - CATALOGING SOURCE
Transcribing agency CML
245 ## - TITLE STATEMENT
Title Children in African Literature.
Statement of responsibility, etc. Jones D.E.
260 ## - PUBLICATION, DISTRIBUTION, ETC.
Place of publication, distribution, etc. Cambridge.
Name of publisher, distributor, etc. Africa World.
Date of publication, distribution, etc. 1892
942 ## - ADDED ENTRY ELEMENTS (KOHA)
Source of classification or shelving scheme Dewey Decimal Classification
Koha item type Books
Edition 1st Edition
Classification part 809.9335
Call number suffix JON
Holdings
Withdrawn status Lost status Source of classification or shelving scheme Damaged status Not for loan Collection code Home library Current library Shelving location Date acquired Total Checkouts Full call number Date last seen Copy number Price effective from Koha item type
    Dewey Decimal Classification     Literature & Rhetoric Chalimbana Main Library Chalimbana Main Library Literature & Rhetoric 11/24/2020   809.9335 JON 11/24/2020 1 11/24/2020 Books

Powered by Koha